| 000 | 00721cam a2200229 a 4500 | ||
|---|---|---|---|
| 001 | 000007464 | ||
| 005 | 20200929154159.0 | ||
| 008 | 930602s1987 cu b 001 0 spa d | ||
| 040 |
_aDO-SdBNP _cFMU _dDLC |
||
| 082 |
_a363.69 _bP372s |
||
| 100 | 1 |
_aPedroso, Regino, _d1898-1983. _920747 |
|
| 245 | 1 | 0 |
_aSobre la marea de los siglos / _cRegino Pedroso. |
| 260 |
_aLa Habana : _bLetras Cubanas, _c1987. |
||
| 300 |
_a82 p. ; _c18 cm. |
||
| 504 | _aIncluye referencias bibliográficas: (p. 77-79). | ||
| 650 | 4 |
_aEdificios históricos _zCuba _920748 |
|
| 650 | 4 |
_aCastillos _920749 |
|
| 650 | 4 |
_aVivienda _zCuba _920750 |
|
| 651 | 4 |
_aLa Habana (Cuba{Rpara} _920751 |
|
| 910 | _aCatalogación por copia / LC | ||
| 049 | _aBNGR | ||
| 999 |
_c7245 _d7245 |
||